| 000 | 01027nac a22002411i 4500 | ||
|---|---|---|---|
| 003 | EG-ScBUE | ||
| 005 | 20240128143626.0 | ||
| 008 | 121121s1974 ua f b 000 0 ara d | ||
| 040 |
_aEG-ScBUE _bara _erda _cEG-ScBUE _dEG-ScBUE |
||
| 043 | _af-ea--- | ||
| 082 | 0 | 4 |
_a963.5 _bح ر ا _222 |
| 100 | 1 |
_aحراز، السيد رجب، _eمؤلف. |
|
| 245 | 1 | 0 |
_aإرتيريا الحديثة 1557 - 1941 / _cبقلم الدكتور السيد رجب حراز، قسم البحوث والدراسات التاريخية. |
| 264 | 1 |
_a[القاهرة] : _bالمنظمة العربية للتربية والثقافة والعلوم، معهد البحوث والدراسات العربية، _c1974. |
|
| 300 |
_a240 صفحة ؛ _c24 سم |
||
| 336 |
_2rdacontent _aنص _btxt |
||
| 337 |
_aبدون وسيط _2rdamedia _bn |
||
| 338 |
_aمجلد _bnc _2rdacarrier |
||
| 504 | _aيشتمل على إرجاعات ببليوجرافية. | ||
| 651 | 7 |
_aإرتريا _xتاريخ. _2BUEsh |
|
| 655 | _vReading book | ||
| 942 |
_cBB _2ddc |
||
| 999 |
_c6870 _d6870 |
||